MARC details
| 000 -LEADER |
| campo de control de longitud fija |
01969nkc a2200313za 4500 |
| 001 - NÚMERO DE CONTROL |
| campo de control |
84554 |
| 003 - IDENTIFICADOR DE NÚMERO DE CONTROL |
| campo de control |
OSt |
| 005 - FECHA Y HORA DE LA ÚLTIMA TRANSACCIÓN |
| campo de control |
20260423155654.0 |
| 007 - CAMPO FIJO DE DESCRIPCIÓN FÍSICA--INFORMACIÓN GENERAL |
| campo de control de longitud fija |
kh boc |
| 008 - DATOS DE LONGITUD FIJA--INFORMACIÓN GENERAL |
| campo de control de longitud fija |
250410s1909 sp ||||| ||||||0| i|spa d |
| 040 ## - FUENTE DE CATALOGACIÓN |
| Centro/agencia transcriptor |
M-RABA |
| Centro catalogador/agencia de origen |
M-RABA |
| Lengua de catalogación |
spa |
| 245 00 - MENCIÓN DEL TÍTULO |
| Título |
Irene y Lucila extrayendo la saeta del cuerpo de San Sebastián |
| Medio |
[Material gráfico] |
| Mención de responsabilidad, etc. |
/ Luis Bonifar y Massó |
| 246 ## - FORMA VARIANTE DEL TITULO |
| Título propio/Titulo breve |
Santa Irene y santa Lucina curando a San Sebastián |
| 260 ## - PUBLICACIÓN, DISTRIBUCIÓN, ETC. |
| Nombre del editor, distribuidor, etc. |
[Hauser y Menet] |
| Fecha de publicación, distribución, etc. |
, [ca. 1909] |
| 300 ## - DESCRIPCIÓN FÍSICA |
| Extensión |
1 fotografía |
| Otras características físicas |
: gelatina de plata |
| Dimensiones |
; imagen 20 x 12 cm |
| -- |
; soporte secundario 30 x 24 cm |
| 500 ## - NOTA GENERAL |
| Nota general |
Fotografía del relieve "Santa Irene y santa Lucina curando a San Sebastián" de Jaime Folch. Se conserva en el Museo de la Real Academia de Bellas Artes de San Fernando con nº de inventario E-295. |
| 500 ## - NOTA GENERAL |
| Nota general |
Montada sobre un soporte secundario de cartón, con texto manuscrito a lápiz en la parte inferior al recto: "Irene y Lucila extrayendo la saeta del cuerpo de San Sebastián por Luis Bonifar y Massó Académico de mérito 1763". Nota manuscrita al verso a lápiz rojo: "Entierro de Sª Sebastián / 1763 (Académico de mérito" |
| 500 ## - NOTA GENERAL |
| Nota general |
La obra fue atribuida a Luis Bonifás, hasta la última intervención en 2021, donde se ha podido acceder a la firma del escultor, Jaime Folch. |
| 500 ## - NOTA GENERAL |
| Nota general |
Fecha probable de la realización de la fotografía realizada por Hauser y Menet.<br/> |
| 544 ## - NOTA DE LOCALIZACIÓN DE MATERIALES DE ARCHIVO RELACIONADOS |
| Depositario(custodio) |
Archivo de la Real Academia de Bellas Artes de San Fernando (Le-4-29-1) |
| 600 10 - PUNTO DE ACCESO ADICIONAL DE MATERIA--NOMBRE DE PERSONA |
| Nombre de persona |
Folch y Costa, Jaime |
| Fechas asociadas al nombre |
(1755-1821) |
| 9 (RLIN) |
111683 |
| 610 24 - PUNTO DE ACCESO ADICIONAL DE MATERIA--NOMBRE DE ENTIDAD CORPORATIVA |
| Nombre de entidad corporativa o nombre de jurisdicción como elemento de entrada |
Real Academia de Bellas Artes de San Fernando. |
| 9 (RLIN) |
75832 |
| 651 #7 - PUNTO DE ACCESO ADICIONAL DE MATERIA--NOMBRE GEOGRÁFICO |
| Nombre geográfico |
Madrid |
| Fuente del encabezamiento o término |
embne |
| 9 (RLIN) |
75182 |
| 655 #7 - TERMINO DE INDIZACIÓN--GENERO/FORMA |
| Datos o término principal de género/forma |
Fotografías de obras de arte |
| 9 (RLIN) |
75675 |
| 710 2# - ENTRADA AGREGADA--NOMBRE DE ENTIDAD CORPORATIVA |
| Nombre de entidad corporativa o nombre de jurisdicción como elemento de entrada |
Hauser y Menet (Madrid) |
| 9 (RLIN) |
50978 |
| 852 ## - LOCALIZACIÓN |
| Número de control de estantería |
Fot-600 |
| 856 ## - LOCALIZACIÓN Y ACCESO ELECTRÓNICOS |
| Materiales especificados |
Fot-600 |
| Identificador Uniforme de Recurso |
<a href="https://archivoybiblioteca.realacademiabellasartessanfernando.com/cgi-bin/koha/opac-retrieve-file.pl?id=78d12025253885f970c85a03e1d16f9e">https://archivoybiblioteca.realacademiabellasartessanfernando.com/cgi-bin/koha/opac-retrieve-file.pl?id=78d12025253885f970c85a03e1d16f9e</a> |
| 942 ## - ELEMENTOS DE ENTRADA SECUNDARIOS (KOHA) |
| Fuente de la clasificación o esquema de estantería |
Clasificación Decimal Dewey |
| Tipo de ítem Koha |
Fotografías |
| Suprimir en OPAC |
No |